<?xml version="1.0" encoding="UTF-8"?>
<record
    xmlns:xsi="http://www.w3.org/2001/XMLSchema-instance"
    xsi:schemaLocation="http://www.loc.gov/MARC21/slim http://www.loc.gov/standards/marcxml/schema/MARC21slim.xsd"
    xmlns="http://www.loc.gov/MARC21/slim">

  <leader>00223nam a22001217a 4500</leader>
  <datafield tag="040" ind1=" " ind2=" ">
    <subfield code="c">SY</subfield>
  </datafield>
  <datafield tag="082" ind1=" " ind2=" ">
    <subfield code="a">631</subfield>
  </datafield>
  <datafield tag="100" ind1=" " ind2=" ">
    <subfield code="a">D.B.DAVIES</subfield>
  </datafield>
  <datafield tag="245" ind1=" " ind2=" ">
    <subfield code="a">Soil management</subfield>
  </datafield>
  <datafield tag="260" ind1=" " ind2=" ">
    <subfield code="a">RUA</subfield>
    <subfield code="b">DAV</subfield>
    <subfield code="c">1993</subfield>
  </datafield>
  <datafield tag="300" ind1=" " ind2=" ">
    <subfield code="a">280p.</subfield>
  </datafield>
  <datafield tag="942" ind1=" " ind2=" ">
    <subfield code="c">EK</subfield>
  </datafield>
  <datafield tag="999" ind1=" " ind2=" ">
    <subfield code="c">9517</subfield>
    <subfield code="d">9517</subfield>
  </datafield>
  <datafield tag="952" ind1=" " ind2=" ">
    <subfield code="0">0</subfield>
    <subfield code="1">0</subfield>
    <subfield code="4">0</subfield>
    <subfield code="6">631_000000000000000_DAV_1993_C255</subfield>
    <subfield code="7">0</subfield>
    <subfield code="9">51517</subfield>
    <subfield code="a">LBC</subfield>
    <subfield code="b">LBC</subfield>
    <subfield code="c">C255</subfield>
    <subfield code="d">2016-09-02</subfield>
    <subfield code="l">2</subfield>
    <subfield code="o">631 DAV 1993 C255</subfield>
    <subfield code="p">RUA061488</subfield>
    <subfield code="r">2019-11-20</subfield>
    <subfield code="s">2019-11-13</subfield>
    <subfield code="y">EK</subfield>
  </datafield>
  <datafield tag="952" ind1=" " ind2=" ">
    <subfield code="0">0</subfield>
    <subfield code="1">0</subfield>
    <subfield code="4">0</subfield>
    <subfield code="6">631_000000000000000_DAV_1993_C256</subfield>
    <subfield code="7">0</subfield>
    <subfield code="9">51518</subfield>
    <subfield code="a">LBC</subfield>
    <subfield code="b">LBC</subfield>
    <subfield code="c">C256</subfield>
    <subfield code="d">2016-09-02</subfield>
    <subfield code="o">631 DAV 1993 C256</subfield>
    <subfield code="p">RUA062469</subfield>
    <subfield code="r">2016-09-02</subfield>
    <subfield code="y">EK</subfield>
  </datafield>
  <datafield tag="952" ind1=" " ind2=" ">
    <subfield code="0">0</subfield>
    <subfield code="1">0</subfield>
    <subfield code="4">0</subfield>
    <subfield code="6">631_000000000000000_DAV_1993_C235</subfield>
    <subfield code="7">0</subfield>
    <subfield code="9">52041</subfield>
    <subfield code="a">LBC</subfield>
    <subfield code="b">LBC</subfield>
    <subfield code="c">C235</subfield>
    <subfield code="d">2016-09-14</subfield>
    <subfield code="l">1</subfield>
    <subfield code="o">631 DAV 1993 C235</subfield>
    <subfield code="p">A02940</subfield>
    <subfield code="r">2017-10-25</subfield>
    <subfield code="s">2017-10-04</subfield>
    <subfield code="y">EK</subfield>
  </datafield>
</record>
